Statistics for Official Languages of the Middle East

Click here to take the quiz!

General Stats

  • This quiz has been taken 631 times
  • The average score is 5 of 6

Answer Stats

#Official in:Language% Correct
295 milBahrain, Egypt, Iraq, Israel, Jordan, Kuwait, Lebanon, Oman,
Qatar, Saudi Arabia, Syria, United Arab Emirates, Yemen
Arabic
100%
45 milIraqPersian
92%
5 milIsraelHebrew
85%
63 milCyprus, TurkeyTurkish
84%
21 milIranKurdish
68%
1 milCyprusGreek
41%

Score Distribution

Percentile by Number Answered

Percent of People with Each Score

Your Score History

You have not taken this quiz